On This Day: July 6th II Quiz Stats

 Plays Quiz Updated Jul 6, 2018

Score 0/7 Timer 03:00
0 Plays Today
Question Answer Wrong Answers
This Oscar-nominated American actor, known for playing Rocky and Rambo, is born.
1946
Sylvester Stallone
97.6%
Arnold Schwarzenegger
1%
Bruce Willis
0.2%
Chuck Norris
0.4%
This Academy Award for Best Picture winner following several decades in the life of an eccentric Alabama man, starring Tom Hanks, Robin Wright, and Gary Sinise, premiers.
1994
Forrest Gump
95%
Big Fish
0.9%
Sweet Home Alabama
1.5%
The Shawshank Redemption
1.1%
Althea Gibson, already the first black tennis player to win a Grand Slam, becomes the first to win this major tournament held on grass courts.
1957
Wimbledon
85.4%
French Open
4.1%
US Open
6.3%
Australian Open
3.1%
These British musicians, a famed songwriting duo, meet for the first time at a party at St. Peter’s Church in Liverpool.
1957
John Lennon and Paul McCartney
85.1%
George Harrison and Ringo Starr
2.7%
Paul Simon and Art Garfunkel
9.4%
Daryl Hall and John Oates
1.5%
This New Yorker and future US President, often referred to by his initials, is selected as the running mate for Presidential nominee James Cox at the Democratic National Convention in San Francisco.
1920
Franklin D. Roosevelt
82.1%
John F. Kennedy
8.9%
Lyndon B. Johnson
6.2%
Harry S. Truman
2.1%
Along with Bedouin leader Auda ibu Tayi, this WWI colonel, later portrayed in film by Peter O’Toole, defeats the Ottoman Empire at Aqaba.
1917
T.E. Lawrence
81.5%
George S. Patton
12%
Alvin York
5.3%
Billy Sing
0.9%
During the War for Independence, this navy of this American ally defeats the British Royal Navy at the Battle of Grenada.
1779
France
69.9%
Spain
23.7%
Portugal
3.1%
Netherlands
3.1%

You're not logged in!

Compare scores with friends on all Sporcle quizzes.
OR
Log In

Sporcle TV

Today on Sporcle TV


Watch our educational content, quiz creation guides, and fun videos on Sporcle TV.

Show Comments

Extras

Top Quizzes Today


Score Distribution

Your Account Isn't Verified!

In order to create a playlist on Sporcle, you need to verify the email address you used during registration. Go to your Sporcle Settings to finish the process.

Report this User

Report this user for behavior that violates our Community Guidelines.

Details: